Why are animals yellow? / (Record no. 6187)

MARC details
000 -LEADER
fixed length control field 01586cam a2200397 a 4500
001 - CONTROL NUMBER
control field 6187
003 - CONTROL NUMBER IDENTIFIER
control field FISKH
005 - DATE AND TIME OF LATEST TRANSACTION
control field 20250325101014.0
008 - FIXED-LENGTH DATA ELEMENTS--GENERAL INFORMATION
fixed length control field 080317s2009 njuab j b 001 0 eng
010 ## - LIBRARY OF CONGRESS CONTROL NUMBER
LC control number 2008011474
020 ## - INTERNATIONAL STANDARD BOOK NUMBER
International Standard Book Number 9780766032538 (lib. bdg.)
020 ## - INTERNATIONAL STANDARD BOOK NUMBER
International Standard Book Number 9780545550536
020 ## - INTERNATIONAL STANDARD BOOK NUMBER
International Standard Book Number 0766032531 (lib. bdg.)
040 ## - CATALOGING SOURCE
Original cataloging agency DLC
Transcribing agency DLC
Modifying agency DLC
Language of cataloging eng
050 ## - LIBRARY OF CONGRESS CALL NUMBER
Classification number QL767 .S75
082 ## - DEWEY DECIMAL CLASSIFICATION NUMBER
Classification number 591.47
100 1# - MAIN ENTRY--PERSONAL NAME
Personal name Stewart, Melissa.
245 10 - TITLE STATEMENT
Title Why are animals yellow? /
Statement of responsibility, etc. Melissa Stewart.
250 ## - EDITION STATEMENT
Edition statement First Scholastic printing, February 2013
260 ## - PUBLICATION, DISTRIBUTION, ETC.
Place of publication, distribution, etc. New York :
Name of publisher, distributor, etc. Scholastic,
Date of publication, distribution, etc. 2009.
300 ## - PHYSICAL DESCRIPTION
Extent 32 pages :
Other physical details color illustrations ; color maps ;
Dimensions 20 x 23 cm.
490 1# - SERIES STATEMENT
Series statement Rainbow of animals
501 ## - WITH NOTE
With note Rainbow of animals -- Yellow animals near you -- Cup moth caterpillars -- Fire salamander -- Guineafowl pufferfish -- Honeybee -- American goldfinch -- African lion -- Canada goose -- Thorny seahorse -- Great horned owl -- Guessing game -- Do some research -- Yellow animals around the world -- Learn more -- Index.
504 ## - BIBLIOGRAPHY, ETC. NOTE
Bibliography, etc. note Includes bibliographical references (p. 30-31) and index.
505 0# - FORMATTED CONTENTS NOTE
Formatted contents note K<br/>
520 ## - SUMMARY, ETC.
Summary, etc. "Uses examples of animals in the wild to explain why some animals are yellow"--Provided by publisher.
521 8# - TARGET AUDIENCE NOTE
Target audience note 510<br/>
Source Lexile AD<br/>
521 8# - TARGET AUDIENCE NOTE
Target audience note K<br/>
Source Raz-Plus<br/>
650 #0 - SUBJECT ADDED ENTRY--TOPICAL TERM
Topical term or geographic name entry element Animals
General subdivision Color
Form subdivision Juvenile literature.
650 #0 - SUBJECT ADDED ENTRY--TOPICAL TERM
Topical term or geographic name entry element Yellow
Form subdivision Juvenile literature.
650 #1 - SUBJECT ADDED ENTRY--TOPICAL TERM
Topical term or geographic name entry element Animals
General subdivision Color.
650 #1 - SUBJECT ADDED ENTRY--TOPICAL TERM
Topical term or geographic name entry element Yellow (Color)
906 ## - LOCAL DATA ELEMENT F, LDF (RLIN)
a 7
b cbc
c orignew
d 1
e ecip
f 20
g y-gencatlg
942 ## - ADDED ENTRY ELEMENTS (KOHA)
Source of classification or shelving scheme Dewey Decimal Classification
Koha item type Books
Suppress in OPAC No
Holdings
Withdrawn status Lost status Source of classification or shelving scheme Damaged status Not for loan Collection Home library Current library Shelving location Date acquired Total Checkouts Full call number Barcode Date last seen Price effective from Koha item type
    Dewey Decimal Classification     Non-Fiction Footprints International School Library Network Toul Kork Campus Footprints International School Library Network Toul Kork Campus TK Primary Library Room(4th Floor), Bookcase 3&4, Shelves 17-32, Yellow Books 03/25/2025   STE 591.47 QL767 .S75 FISBK05911 03/25/2025 03/25/2025 Books